000
00229nam a22000857a 4500
008
161129b xxu||||| |||| 00| 0 eng d
100
_9
1530
_a
Uppal.A.K.etal.
245
_a
Physical Education & Health-XI
260
_a
New Delhi
_b
F.P.
_c
2007
999
_c
4259
_d
4259